Los nuevos retos para la comunicación de masas en la integración económica latinoamericana
Збережено в:
| Автор: | |
|---|---|
| Формат: | Текст |
| Мова: | Spanish |
| Опубліковано: |
San José :
|
| Теги: |
Додати тег
Немає тегів, Будьте першим, хто поставить тег для цього запису!
|
MARC
| LEADER | 00000 a a2200000 04500 | ||
|---|---|---|---|
| 001 | 16681 | ||
| 003 | @ | ||
| 005 | 20240722171451.0 | ||
| 008 | 231205b |||||||| |||| 00| 0 spa d | ||
| 040 | |c cru CIDCACS/IIS | ||
| 090 | |a 01.02.01 T693n | ||
| 100 | |a Torres Ibarra, Moisés | ||
| 245 | |a Los nuevos retos para la comunicación de masas en la integración económica latinoamericana | ||
| 260 | |a San José : | ||
| 300 | |a 12 hojas | ||
| 773 | 0 | |0 2998 |9 10356 |a Centro Internacional de Estudios Superiores de Comunicación para América Latina (CIESPAL) |d Heredia, Costa Rica : CIESPAL 1977 |o 08463 |t Seminario sobre "Comunicación e Integración"(12-13 de junio, 1977, La Catalina, [Heredia], Costa Rica). |w (cru CIDCACS/IIS)16674 |z Sin ISBN | |
| 942 | |2 z |c LITG |h 01.02.01 T693n |i 09135 |6 010201_T693N_09135 | ||
| 999 | |c 11676 |d 11676 | ||
